000 00751nam a2200169 a 4500
001 000040308
005 20201002034040.0
008 130821s2010 mx 000 0 spa d
020 _a9786070212314
040 _aDO-SdBNP
_bspa
_cBNPHU
100 1 _aPeña, Ernesto de la
_949912
245 1 0 _aLa obscuridad lírica :
_bdiscurso de ingreso a la Academia Mexicana de la Lengua,18 de junio de 1993 /
_cErnesto de la Peña ; respuesta de Manuel Alcalánte Riva.
260 _aMéxico :
_bUniversidad Autónoma de México
_bDirección General de Publicaciones y Fomento Editorial :
_bAcademia Mexicana de la Lengua,
_c2010.
300 _a52 p. ;
_c18 cm.
700 1 _aRiva Palacio, Manuel Alcalánte
_966595
710 2 _aUniversidad Autónoma de México
_966592
999 _c39798
_d39798